004210000a2200133000450024500940000065000200009465000240011465000150013865300280015304100140018170000360019510000270023177300290025810aMicorrización vesicular arbuscular en Croton lechleri Muell. Arg. (<"Sangre de grado">)14aSangre de grado14aPlantas medicinales14aMicorrizas gCrotoneCroton lechleri0 aEspañol1 aCalderón Mendoza, Costantino1 aMeza Baltazar, Elsa N.1 tPreprint33q1-15d1994?